00542nam a2200181Ia 450000500170000000800410001704000190005804100120007708200160008924500950010526000380020030000150023844000360025365000200028965100150030970000260032485000100035020220729113425.0131103s9999 xx 000 0 und d aLoreto College aEnglish a801.95bCOL aLectures in CriticismcEdited by Elliott Coleman with an introduction by Huntington Cairns aNew YorkbHarper & Brothersc1961 aviii,212p  aHarper torchbooks/The Bollingen aLiterary Theory aLiterature aColeman,Elliott 4ed. aLCLIB